WIRED 2020 / (Record no. 541002)
[ view plain ]
| 000 -LEADER | |
|---|---|
| fixed length control field | 00464nam a22001217a 4500 |
| 022 ## - INTERNATIONAL STANDARD SERIAL NUMBER | |
| International Standard Serial Number | 1059-1028 (print) 1078-3148 |
| 082 ## - DEWEY DECIMAL CLASSIFICATION NUMBER | |
| Classification number | WIRED-28.11 Nov 2020 |
| 245 ## - TITLE STATEMENT | |
| Title | WIRED 2020 / |
| Remainder of title | Magazine |
| 260 ## - PUBLICATION, DISTRIBUTION, ETC. (IMPRINT) | |
| Place of publication, distribution, etc | New Your: |
| Name of publisher, distributor, etc | Corey Wilson Senior Director, Communications 1 World Trade Center. |
| 300 ## - PHYSICAL DESCRIPTION | |
| Dimensions | 28cm. |
| 650 ## - SUBJECT ADDED ENTRY--TOPICAL TERM | |
| Topical term or geographic name as entry element | Computer networks -- Periodicals. Computers and civilization -- Periodicals. Telecommunication -- Social aspects -- Periodicals. |
| 942 ## - ADDED ENTRY ELEMENTS (KOHA) | |
| Koha item type | Continuing Resources |
| Damaged status | Not for loan | Permanent Location | Current Location | Shelving location | Date acquired | Full call number | Barcode | Koha item type |
|---|---|---|---|---|---|---|---|---|
| Central Library (CL) | Central Library (CL) | Reference | 11/16/2020 | WIRED-28.11 Nov 2020 | S-99159 | Continuing Resources |
